|
|
|
|
| LEADER |
00000nab a2200000uu 4500 |
| 001 |
vtls010911638 |
| 003 |
SK-MaSNL |
| 005 |
20260303142733.0 |
| 008 |
230222|1929 xo |||||||||||||||||slo| |
| 015 |
|
|
|a SNBRB
|
| 035 |
|
|
|a (urnnbn)urn:nbn:sk:snk:ar-a0865m
|
| 035 |
|
|
|a (uuid)97008f84-17ce-4968-8220-d17221813227
|
| 035 |
|
|
|a urn:nbn:sk:snk-ab90sq
|
| 040 |
|
|
|a SNKBUCL
|b slo
|c SNKBUCL
|e AACR2
|
| 041 |
0 |
|
|a slo
|
| 044 |
|
|
|a xo
|c SK
|
| 100 |
1 |
|
|a Buchta, Viktor,
|d 1892-1965
|4 aut
|9 38375
|
| 245 |
1 |
0 |
|a Speňaženie ovocia na surovo
|c Viktor Buchta
|
| 773 |
0 |
|
|t Slovenské ovocinárstvo : odborný časopis pre povznesenie ovocinárstva, vinohradníctva a záhradníctva : orgán Slovenskej ovocinárskej spoločnosti a jej odbočiek
|g Roč. 6, č. 131 (1929), s. [165]-167
|
| 954 |
|
|
|a odborná, vedecká literatúra pôvodná (slovenská)
|2 lita
|
| 958 |
|
|
|a OND
|
| 958 |
|
|
|a EUIPO
|
| 958 |
|
|
|a article10
|
| 999 |
|
|
|c 1985802
|d 1987732
|